Intensive care Nursing; (Record no. 2464)

MARC details
000 -LEADER
fixed length control field 00580nam a22001937a 4500
003 - CONTROL NUMBER IDENTIFIER
control field OSt
005 - DATE AND TIME OF LATEST TRANSACTION
control field 20151111135336.0
008 - FIXED-LENGTH DATA ELEMENTS--GENERAL INFORMATION
fixed length control field 151109b xxu||||| |||| 00| 0 eng d
020 ## - INTERNATIONAL STANDARD BOOK NUMBER
International Standard Book Number 0415184568
040 ## - CATALOGING SOURCE
Transcribing agency DLMN
082 ## - DEWEY DECIMAL CLASSIFICATION NUMBER
Classification number WY154 W866i 2000;
100 ## - MAIN ENTRY--PERSONAL NAME
Personal name Woodrow Philip;
9 (RLIN) 6036
245 ## - TITLE STATEMENT
Title Intensive care Nursing;
Remainder of title A framework for Practice;
260 ## - PUBLICATION, DISTRIBUTION, ETC. (IMPRINT)
Place of publication, distribution, etc. London Newyork
Name of publisher, distributor, etc. ROUTLEDGE Taylor and Francis Group;
Date of publication, distribution, etc. 2000;
300 ## - PHYSICAL DESCRIPTION
Extent xvi,576;
Other physical details col,ill;
Dimensions 40cm
504 ## - BIBLIOGRAPHY, ETC. NOTE
Bibliography, etc Glossary,References and index are included<br/>
650 ## - SUBJECT ADDED ENTRY--TOPICAL TERM
Topical term or geographic name as entry element Health science
9 (RLIN) 6035
942 ## - ADDED ENTRY ELEMENTS (KOHA)
Source of classification or shelving scheme Dewey Decimal Classification
Koha item type Short Loan
Holdings
Withdrawn status Lost status Source of classification or shelving scheme Damaged status Not for loan Home library Current library Date acquired Source of acquisition Inventory number Total Checkouts Full call number Barcode Date last seen Koha item type
    Other/Generic Classification Scheme     MUST Main Library MUST Main Library 09/11/2015   2001/15145   WY154 W866i 2000; 2015-2484 09/11/2015 Short Loan